Vista normal
Vista MARC
- Mujeres
Entrada Materia
Número de registros utilizados en: 1
001 - NÚMERO DE CONTROL
- campo de control: 2044
003 - IDENTIFICADOR DEL NÚMERO DE CONTROL
- campo de control: ES-MaFIAP
005 - FECHA Y HORA DE LA ÚLTIMA TRANSACCIÓN
- campo de control: 20231211145157.0
008 - DATOS DE LONGITUD FIJA
- campo de control de longitud fija: 231211|| aca||aabn | a|a d
040 ## - FUENTE DE LA CATALOGACIÓN
- Centro catalogador/agencia de origen: ES-MaFIAP
- Centro/agencia transcriptor: ES-MaFIAP
150 ## - ENCABEZAMIENTO--TÉRMINO DE MATERIA
- Término de materia o nombre geográfico como elemento de entrada: Mujeres
- Subdivisión general: Igualdad de oportunidades
- Subdivisión geográfica: Países de la Unión Europea
670 ## - FUENTE DE DATOS ENCONTRADOS
- Cita de la fuente: Work cat.: (ES-MaFIAP)774: Castro, Carmen 1967- XX1628200 2043, La igualdad de oportunidades y la participación social de las jóvenes , [2001]





